Rancang hidup, rancang wang remaja

Bibliographic Details
Main Author: Hamdy
Format: Book
Published: KL : Imedia Production , 2013
Subjects:

MARC

LEADER 00000cam a2200000 7i4500
001 0000059457
005 20160203.0
008 160203
020 |a 9789834047856 
090 0 0 |a 297.570835   |b HAM 
100 0 |a Hamdy 
245 1 0 |a Rancang hidup, rancang wang remaja   |c Hamdy 
260 |a KL :   |b Imedia Production ,   |c 2013 
650 0 |a Muslim youth   |x Conduct of life 
650 0 |a Teenagers   |x Conduct of life 
999 |a 0001383005   |b Book   |c Adult Collection   |e Cawangan Segamat 
999 |a 0001383006   |b Book   |c Adult Collection   |e Cawangan Batu Pahat 
999 |a 0001383007   |b Book   |c Adult Collection   |e Cawangan Tangkak 
999 |a 0001383008   |b Book   |c Adult Collection   |e Cawangan Bandar Tenggara 
999 |a 0001383009   |b Book   |c Adult Collection   |e Cawangan Pontian 
999 |a 0001383010   |b Book   |c Adult Collection   |e Cawangan Tmn. Ungku Tun Aminah 
999 |a 0001383011   |b Book   |c REFERENCE   |e Cawangan Muar 
999 |a 0001383012   |b Book   |c Adult Collection   |e Cawangan Taman Sri Lambak 
999 |a 0001383013   |b Book   |c Adult Collection   |e Cawangan Bukit Gambir 
999 |a 0001383015   |b Book   |c Adult Collection   |e Cawangan Mersing 
999 |a 0001383016   |b Book   |c Adult Collection   |e Cawangan Bandar Penawar 
999 |a 0001385553   |b Book   |c Adult Collection   |e Perbadanan Perpustakaan Awam Johor 
999 |a 0001385554   |b Book   |c Adult Collection   |e Cawangan Urban Transformation Centre 
999 |a 0001711615   |b Book   |c Teenagers   |e Cawangan Sri Merlong